书目信息 |
| 题名: |
法老的国度——古埃及
|
|
| 作者: | 李伟智 著 | |
| 分册: | ||
| 出版信息: | 北京 中国环境科学出版社 2006 |
|
| 页数: | 210页 | |
| 开本: | 20cm | |
| 丛书名: | 正说世界 | |
| 单 册: | ||
| 中图分类: | K411.2 | |
| 科图分类: | ||
| 主题词: | 世界史--普及读物 , 北非--历史 | |
| 电子资源: | ||
| ISBN: | 7-80135-706-X | |
| 000 | 00696nam0 2200241 45 | |
| 001 | 012000045517 | |
| 005 | 20061219105539.87 | |
| 010 | @a7-80135-706-X@dCNY28.00 | |
| 100 | @a20001016d2006 em y0chiy0120 ea | |
| 101 | 0 | @achi |
| 102 | @aCN@b110000 | |
| 105 | @ay z 000yy | |
| 200 | 1 | @a法老的国度——古埃及@AFa Lao De Guo Du—— Gu Ai Ji@f李伟智著@FLi Wei Zhi Zhu |
| 210 | @a北京@c中国环境科学出版社@c学苑音像出版社@d2006 | |
| 215 | @a210页@c插图@d20cm | |
| 225 | @a正说世界 | |
| 410 | @12001 @a正说世界 | |
| 606 | @a世界史@x普及读物 | |
| 606 | 0 | @a北非@x历史 |
| 690 | @aK411.2@v4 | |
| 701 | 0 | @a李伟智@ALi Wei Zhi@4著 |
| 801 | 0 | @aCN@b中图数据@c20061219 |
| 905 | @a10447@dK411.2@e6 | |
| 法老的国度——古埃及/李伟智著.-北京:中国环境科学出版社:学苑音像出版社,2006 |
| 210页:插图;20cm.-(正说世界) |
| ISBN 7-80135-706-X:CNY28.00 |
| ● |
| 相关链接 |
|
|
|
|
正题名:法老的国度——古埃及
索取号:K411.2/6
 
预约/预借
| 序号 | 登录号 | 条形码 | 馆藏地/架位号 | 状态 | 备注 |
| 1 | 0620472 | 206204720 | 第二样本阅览室/ [索取号:K411.2/6] | 在馆 | |
| 2 | 0620473 | 206204739 | 第二借阅区/ [索取号:K411.2/6] | 在馆 | |
| 3 | 0620474 | 206204748 | 第二借阅区/ [索取号:K411.2/6] | 在馆 | |
| 4 | 0620475 | 206204757 | 第二借阅区/ [索取号:K411.2/6] | 在馆 | |
| 5 | 0620476 | 206204766 | 第二借阅区/ [索取号:K411.2/6] | 在馆 | |
| 6 | 0620477 | 206204775 | 第二借阅区/ [索取号:K411.2/6] | 在馆 |